| 000 | 00797nam a2200241 a 4500 | ||
|---|---|---|---|
| 001 | 000018475 | ||
| 003 | DO-SdBNP | ||
| 005 | 20210928104208.0 | ||
| 007 | ta | ||
| 008 | 761112s 1941 sp 000 0 spa d | ||
| 040 |
_aDO-SdBNP _bspa _cBNPHU |
||
| 082 | 4 |
_aBNPHU 863.4 _bF727e |
|
| 100 | 1 |
_aForner, Juan Pablo, _d1756-1797. _913680 |
|
| 245 | 1 | 0 |
_aExequias de la lengua castellana / _cDon Juan Pablo Forner ; edición y notas de Pedro Sáinz y Rodríguez. |
| 260 |
_aMadrid : _bEspasa-Calpe, _c1941. |
||
| 300 |
_axxxix, 211, [2] p. ; _c19 cm. |
||
| 490 | 1 |
_aClásicos Castellanos _v66 |
|
| 650 | 1 | 4 |
_aNovela española _91123 |
| 650 | 1 | 4 |
_aLiteratura española _939973 |
| 700 | 1 |
_aSáinz y Rodríguez, Pedro, _d1898- _eed. _917013 |
|
| 830 | 0 |
_aClásicos Castellanos ; _v66 _94180 |
|
| 942 |
_2ddc _cLBS1 |
||
| 999 |
_c17995 _d17995 |
||